000 01210nam a2200361Ia 4500
001 dia_6027
003 CHAP
005 20251023151912.0
008 220117s2013 xx 000 0 und d
010 _a177214
020 _a978-607-421-294-5
040 _cCHAP
082 _a809.93592 M87 D47 2013
100 _aMurakami, Haruki
_9160491
245 _aDe qué hablo cuando hablo de correr /
_c Haruki Murakami ; traducción Francisco Barberán
260 _aMéxico :
_b Tusquets Editores,
_c2013
300 _a230 p.
440 _aMaxi
_9160492
500 _aTítulo original: Hashiru koto ni tsuite kataru toki ni boku no kataru koto
503 _aC.
590 _aPL856.U673 D47 2013
650 _aAutobiografía
_9160359
650 _aAutobiography
_9160360
650 _aAutores japoneses
_xBiografía
_9160493
650 _aJapanese authors
_xBiography
_9160494
650 _aJapanese literature
_x20th century
_9160495
650 _aLiteratura japonesa
_xSiglo XX
_9160496
700 _aBarberán, Francisco, tr.
_9160497
901 _a809.93592 M87 D47 2013
902 _aM
905 _a5232272013 mx f 9222223323spa16
942 _cLIBRO
_2ddc
999 _c177214
_d177214